| 000 | 00589nam a2200253Ia 4500 | ||
|---|---|---|---|
| 008 | 171120s9999 xx 000 0 und d | ||
| 020 | _a9.780717267e+012 | ||
| 050 | _a599.73 | ||
| 050 | _bI963 1999 | ||
| 100 | _aIvy, Billy | ||
| 245 | _aNature's children : | ||
| 245 | _bbighorn sheep / | ||
| 245 | _cby Billy Ivy. | ||
| 260 | _aNew York : | ||
| 260 | _bScholastic, | ||
| 260 | _c1999 | ||
| 300 | _a47 pages : | ||
| 300 | _bcolor illustrations ; | ||
| 300 | _c22cm. | ||
| 500 | _aIncludes index. | ||
| 650 | _aBighorn sheep. | ||
| 650 | _aSheep. | ||
| 700 | _aTitle. | ||
| 999 |
_c345208 _d345208 |
||